| 000 | 00578nam a2200205Ia 4500 | ||
|---|---|---|---|
| 008 | 160319s9999 xx 000 0 und d | ||
| 020 | _a9789719335757 | ||
| 050 | _aFil 320.54 | ||
| 050 | _bL149t 2012 | ||
| 100 | _aLacson, Alexander | ||
| 245 | _a12 wonderful things about the Filipino and our Motherland / | ||
| 245 | _cAlexander Lacson. | ||
| 260 | _aQuezon City : | ||
| 260 | _bAlay Pinoy Pub. House. | ||
| 260 | _c2012 | ||
| 300 | _axvii, 130pages ; | ||
| 300 | _c18cm. | ||
| 650 | _aFilipinos--Social life and customs | ||
| 650 | _aValues--Philippines | ||
| 999 |
_c292350 _d292350 |
||